000 00442nam a2200145Ia 4500
008 090123s9999 xx 000 0 und d
082 _b37760
245 _aजिज्ञासू पाथेय
250 _a1
260 _bसद्विचार दर्शन ट्रस्ट
_c1979
300 _a147
630 _aजिज्ञासू पाथेय
730 _aजिज्ञासू पाथेय
942 _cBOOK
999 _c75828
_d75828